[Event "Forchheim DWZ op"]
[Site "Forchheim"]
[Date "2002.09.22"]
[Round "4"]
[White "Niklaus, Tobias"]
[Black "Osmanlic, Fuad"]
[Result "1-0"]
[WhiteElo "1497"]
[BlackElo "1240"]
[PlyCount "65"]
[EventDate "2002.09.20"]
[EventType "swiss"]
[EventRounds "5"]
[EventCountry "GER"]
[SourceTitle "CBM 090 Extra"]
[Source "ChessBase"]
[SourceDate "2002.11.07"]
[SourceVersion "1"]
[SourceVersionDate "2002.11.07"]
[SourceQuality "1"]

1. e4 e5 2. Nf3 Nc6 3. Bc4 Bc5 4. d3 Nf6 5. Nc3 d6 6. Bg5 h6 7. Be3 Bxe3 8. fxe3 0-0 9. Qe2 Bg4 10. h3 Bh5 11. g4 Bg6 12. Nh4 Bh7 13. 0-0-0 Nxe4 14. dxe4 Qxh4 15. Rdf1 Rae8 16. Qf3 Re7 17. Ne2 Kh8 18. Ng3 f6 19. Nf5 Bxf5 20. gxf5 Nd8 21. Rhg1 Nf7 22. Rg4 Qh5 23. Qg3 Nd8 24. Rg1 Qe8 25. Rxg7 Nc6 26. Rg6 Kh7 27. Bg8+ Rxg8 28. Rxg8 Qf7 29. Qg6+ Qxg6 30. R8xg6 Na5 31. b3 b6 32. R1g4 Nc6 33. Rh4 1-0